|
|
|
|
| LEADER |
01136nam a2200265 a 4500 |
| 001 |
13147367 |
| 008 |
110313s2001 kyu 000 0 eng d |
| 010 |
|
|
|a 2003267709
|
| 020 |
|
|
|a 0664224741 (alk. paper)
|
| 040 |
|
|
|a DLC
|c DLC
|d BD-DhAAL
|
| 050 |
0 |
0 |
|a HM665
|b .N5 2001
|
| 082 |
0 |
4 |
|a 301
|2 21
|
| 100 |
1 |
|
|a Niebuhr, Reinhold,
|d 1892-1971.
|
| 245 |
1 |
0 |
|a Moral man and immoral society :
|b a study in ethics and politics /
|c Reinhold Niebuhr ; introduction by Langdon B. Gilkey.
|
| 246 |
1 |
4 |
|a Moral man & immoral society
|
| 260 |
|
|
|a Louisville :
|b Westminster John Knox Press,
|c c2001.
|
| 300 |
|
|
|a xxxii, 284 p. ;
|c 23 cm.
|
| 490 |
0 |
|
|a Library of theological ethics
|
| 541 |
1 |
|
|e 00022016
|
| 650 |
|
0 |
|a Social ethics.
|
| 650 |
|
0 |
|a Political ethics.
|
| 852 |
|
|
|a Ayesha Abed Library
|c General Shelf.
|
| 999 |
|
|
|c 10531
|d 10531
|
| 952 |
|
|
|0 0
|1 0
|2 ddc
|4 0
|6 301_NIE
|7 0
|9 14659
|a BRACUL
|b BRACUL
|c GEN
|d 2011-03-15
|e TRIM EDUCATION
|g 2500.00
|l 0
|o 301 NIE
|p 3010022016
|r 2011-03-15
|t 1
|w 2011-03-15
|y BK
|
| 952 |
|
|
|0 0
|1 0
|2 ddc
|4 0
|6 301_NIE
|7 0
|9 14660
|a BRACUL
|b BRACUL
|c GEN
|d 2011-03-15
|e TRIM EDUCATION
|g 2500.00
|l 0
|o 301 NIE
|p 3010022017
|r 2011-03-15
|t 2
|w 2011-03-15
|y BK
|